[Event "President's Cup"]
[Site "Seattle, WA"]
[Date "2015.02.14"]
[Round "1"]
[White "Phillips Daniel  (WA)"]
[Black "Varner Murlin  (WA)"]
[Result "1-0"]
[WhiteElo "1885"]
[BlackElo "1617"]
[Annotator ""]
[Source ""]
[Remark "Open"]

1.d4 d5 2.c4 e6 3.Nc3 Bb4 4.Nf3 Nf6 5.e3 O-O 6.Bd3 dxc4 7.Bxc4
Ne4 8.Qc2 Nxc3 9.bxc3 Bd6 10.Bd3 g6 11.e4 Nd7 12.e5 Be7 13.h4
f5 14.exf6 Nxf6 15.Bh6 Bd7 16.Bxg6 Be8 17.Bxe8 Rxe8 18.Ne5 Qd5
19.Rh3 Nh5 20.Qe2 Nf4 21.Bxf4 Bf6 22.Bh6 Bxe5 23.dxe5 Kf7 24.Qh5+
Ke7 25.Bg5+ Kd7 26.Rd1 1-0

[Event "President's Cup"]
[Site "Seattle, WA"]
[Date "2015.02.14"]
[Round "2"]
[White "Varner Murlin  (WA)"]
[Black "Larkin Morgan  (WA)"]
[Result "0-1"]
[WhiteElo "1617"]
[BlackElo "1560"]
[Annotator ""]
[Source ""]
[Remark "Open"]

1.c4 Nf6 2.Nc3 g6 3.g3 Bg7 4.Bg2 d6 5.d3 c6 6.Nf3 Bg4 7.O-O O-O
8.h3 Bc8 9.e4 e5 10.Be3 Nh5 11.Qd2 f5 12.exf5 gxf5 13.Bg5 Qe8
14.Bh6 Qg6 15.Bxg7 Qxg7 16.Rae1 Kh8 17.b4 Rg8 18.b5 Nf4 19.Nh4
{?} ( 19.c5 $14 ) Nxg2 20.Nxg2 f4 21.g4 f3 22.Ne3 h5 23.Ne4 hxg4
24.Nxg4 Bxg4 25.hxg4 Qxg4+ 26.Ng3 Qh3 0-1

[Event "President's Cup"]
[Site "Seattle, WA"]
[Date "2015.02.15"]
[Round "3"]
[White "Anand Vignesh  (WA)"]
[Black "Varner Murlin  (WA)"]
[Result "0-1"]
[WhiteElo "1175"]
[BlackElo "1617"]
[Annotator ""]
[Source ""]
[Remark "Open"]

1.d4 g6 2.c4 Bg7 3.Nf3 d6 4.Nc3 Nf6 5.e4 O-O 6.Bf4 b6 7.Qc2 Bb7
8.Bd3 Nc6 9.a3 Nh5 10.Be3 a5 11.O-O e5 12.Ne2 exd4 13.Nexd4 Nxd4
14.Nxd4 Nf6 15.Bg5 Qe8 16.Bxf6 Bxf6 17.Nb5 Qd7 18.Nc3 Rae8 19.Rfe1
c6 20.b4 Re5 21.Rad1 Rfe8 22.f4 R5e7 23.Qd2 ( 23.e5 ) axb4 24.axb4
Bd4+ 25.Kh1 Qg4 26.Be2 Bxc3 27.Bxg4 Bxd2 28.Rxd2 Rxe4 29.Rxe4
Rxe4 30.Rxd6 {??} Re1# 0-1

[Event "President's Cup"]
[Site "Seattle, WA"]
[Date "2015.02.15"]
[Round "4"]
[White "Szeto Sophie  (WA)"]
[Black "Puri Raghav  (WA)"]
[Result "0-1"]
[WhiteElo "690"]
[BlackElo "789"]
[Annotator ""]
[Source ""]
[Remark "Reserve"]

1.d4 d5 2.Nf3 Nc6 3.Bf4 Bf5 4.c3 Nf6 5.Nbd2 e6 6.e3 Be7 7.Be2
Ne4 8.Nxe4 dxe4 9.Ne5 Nxe5 10.Bxe5 Bf6 11.Bxf6 Qxf6 12.Qb3 O-O
13.Qxb7 Rfc8 14.O-O-O Bg6 15.Bb5 Rab8 16.Qa6 c6 17.Bxc6 Qxf2
18.Rd2 Qxe3 19.Ba4 Qf4 20.Kd1 Bh5+ 21.Ke1 Qe3+ 22.Kf1 Qxd2 23.Bb5
Qd1+ 24.Kf2 Qxh1 25.Kg3 Qe1+ 26.Kf4 g5+ 27.Ke5 f6+ 28.Kxe6 Rb6+
29.Qxb6 axb6 30.Kxf6 Rf8+ 31.Ke6 Bg4+ 32.Kd6 Rf5 33.Bc4+ Kf8
34.d5 Qf2 35.Bb3 Qc5+ 36.Ke6 Qe7# 0-1

[Event "President's Cup"]
[Site "Seattle, WA"]
[Date "2015.02.15"]
[Round "4"]
[White "Yeo Joey  (WA)"]
[Black "Hasuike Mike  (OR)"]
[Result "1-0"]
[WhiteElo "1436"]
[BlackElo "1554"]
[Annotator ""]
[Source ""]
[Remark "Reserve"]

1.d4 Nf6 2.c4 e5 3.dxe5 Ne4 4.Qc2 Bb4+ 5.Bd2 Nxd2 6.Nxd2 Nc6
7.Ngf3 Qe7 8.a3 Bxd2+ 9.Qxd2 Nxe5 10.Nxe5 Qxe5 11.e3 b6 12.Bd3
Bb7 13.O-O Qg5 14.f4 Qh6 15.Rac1 d6 16.e4 O-O-O 17.b4 Rhe8 18.Qc2
Qh5 19.f5 Re5 20.Rfe1 Rde8 21.c5 dxc5 22.bxc5 Rxc5 23.Qa4 Ree5
24.Rxc5 Rxc5 25.Qe8# 1-0

[Event "President's Cup"]
[Site "Seattle, WA"]
[Date "2015.02.15"]
[Round "4"]
[White "Bender Cole  (WA)"]
[Black "Reagan Garrett  (WA)"]
[Result "1-0"]
[WhiteElo "842"]
[BlackElo "332"]
[Annotator ""]
[Source ""]
[Remark "Reserve"]

1.f4 d5 2.g3 Bg4 3.Bg2 Nf6 4.Nf3 e6 5.Ne5 Ne4 6.Nxg4 Bc5 7.d3
Bb6 8.dxe4 h5 9.Ne3 Qd6 10.O-O O-O 11.exd5 exd5 12.Bxd5 Bxe3+
13.Bxe3 Qxd5 14.Qxd5 c6 15.Qxh5 Nd7 16.Nc3 g6 17.Qg4 Nf6 18.Qh4
g5 19.Qxg5+ Kh7 20.Qxf6 Rad8 21.Bd4 Rg8 22.Qxf7+ Rg7 23.Qxg7# 1-0

[Event "President's Cup"]
[Site "Seattle, WA"]
[Date "2015.02.15"]
[Round "5"]
[White "Bender Nathan  (WA)"]
[Black "Bender Cole  (WA)"]
[Result "1-0"]
[WhiteElo "644"]
[BlackElo "842"]
[Annotator ""]
[Source ""]
[Remark "Reserve"]

1.c4 e6 2.b3 c5 3.Nc3 a6 4.Bb2 Be7 5.e3 Nf6 6.Qe2 O-O 7.O-O-O
b6 8.g4 Bb7 9.Nf3 Nxg4 10.Rg1 Nf6 11.Bg2 d6 12.Qd3 Nbd7 13.Ng5
Bxg2 14.Rxg2 h6 15.Nge4 Nxe4 16.Nxe4 Nf6 17.Rdg1 g6 18.Qc3 e5
19.f4 Nxe4 20.Qd3 Nf6 21.Rxg6+ fxg6 22.Qxg6+ Kh8 23.Qg7# 1-0

[Event "President's Cup"]
[Site "Seattle, WA"]
[Date "2015.02.15"]
[Round "4"]
[White "Venkatesan Mridula  (WA)"]
[Black "Xuan Owen  (WA)"]
[Result "1-0"]
[WhiteElo "769"]
[BlackElo "827"]
[Annotator ""]
[Source ""]
[Remark "Reserve"]

1.e4 e6 2.d4 d5 3.e5 c5 4.Nf3 Nc6 5.c3 c4 6.g3 Nge7 7.Bg2 Ng6
8.O-O Be7 9.Re1 Bd7 10.Nbd2 O-O 11.b3 b5 12.Rb1 Qa5 13.Qc2 Rab8
14.a3 Rfc8 15.b4 Qc7 16.h4 Bd8 17.h5 Nge7 18.Ng5 Nf5 19.Ndf3
h6 20.g4 hxg5 21.gxf5 exf5 22.Bxg5 Bxg5 23.Nxg5 Qd8 24.f4 Be6
25.Bh3 g6 26.hxg6 Kg7 27.Bxf5 Qd7 28.Bxe6 fxe6 29.Kf2 Rf8 30.Ke3
Rf5 31.Qg2 Rbf8 32.Rf1 Qe8 33.Rb2 Kg8 34.Rbf2 Qd7 35.Qh3 Qg7
36.Nxe6 Qe7 37.Rh2 Qxe6 38.Qh8# 1-0

[Event "President's Cup"]
[Site "Seattle, WA"]
[Date "2015.02.15"]
[Round "4"]
[White "Kam Ethan  (WA)"]
[Black "Ahluwalia Anshul  (WA)"]
[Result "1/2-1/2"]
[WhiteElo "1206"]
[BlackElo "1517"]
[Annotator ""]
[Source ""]
[Remark "Reserve"]

1.e4 e6 2.Nc3 d5 3.exd5 exd5 4.d4 Nc6 5.Nf3 Bb4 6.Bd2 Nge7 7.a3
Bd6 8.Bb5 Bf5 9.Nh4 O-O 10.Nxf5 Nxf5 11.Bxc6 bxc6 12.Qg4 Qf6
13.O-O-O h6 14.Qf3 Be7 15.Be3 Nxe3 16.Qxf6 Bxf6 17.fxe3 Bg5 18.Rde1
Rfe8 19.Kd2 Rab8 20.b3 Be7 21.a4 Bb4 22.Rhf1 Re4 23.Rf4 Rbe8
24.g3 Bxc3+ 25.Kxc3 Rxe3+ 26.Rxe3 Rxe3+ 27.Kd2 Re4 28.Rxe4 dxe4
29.Ke3 f5 30.g4 fxg4 31.Kxe4 g6 32.c4 Kf7 33.Kf4 h5 34.Kg5 a5
35.c5 Kg7 36.Kf4 Kf6 37.Ke3 Kf5 38.b4 1/2-1/2

[Event "President's Cup"]
[Site "Seattle, WA"]
[Date "2015.02.15"]
[Round "4"]
[White "Chen Minda  (WA)"]
[Black "Chamberlain Andrew  (WA)"]
[Result "1-0"]
[WhiteElo "882"]
[BlackElo "1561"]
[Annotator ""]
[Source ""]
[Remark "Reserve"]

1.d4 d5 2.c4 c6 3.Nc3 Nf6 4.Bg5 Bf5 5.Bxf6 gxf6 6.e3 Rg8 7.cxd5
cxd5 8.Qa4+ Bd7 9.Qb3 Bc6 10.g3 e6 11.Nge2 Bd6 12.Bg2 h5 13.h4
Nd7 14.e4 dxe4 15.Nxe4 Bc7 16.Rg1 Nb6 17.N4c3 Bxg2 18.Rxg2 Kf8
19.O-O-O Rc8 20.Rdg1 Qd7 21.g4 hxg4 22.Rxg4 Rxg4 23.Rxg4 e5 24.Rg2
exd4 25.Qb4+ Qd6 26.Qxd6+ Bxd6 27.Nxd4 Be5 28.Rg4 Nd5 29.Kd2
Nxc3 30.bxc3 f5 31.Rg1 Bf4+ 32.Kd3 Rd8 33.Ke2 Rd6 34.Kf3 Bh6
35.Rd1 Kg8 36.Rb1 Rd7 37.Nxf5 Kh7 38.Nxh6 Kxh6 39.Kg4 Rc7 40.Rc1 1-0

[Event "President's Cup"]
[Site "Seattle, WA"]
[Date "2015.02.15"]
[Round "5"]
[White "Chen Minda  (WA)"]
[Black "Ardeleanu Andrew  (WA)"]
[Result "0-1"]
[WhiteElo "882"]
[BlackElo "1185"]
[Annotator ""]
[Source ""]
[Remark "Reserve"]

1.d4 d6 2.e4 Nf6 3.Nc3 g6 4.Nf3 Bg7 5.h3 O-O 6.Bc4 Nbd7 7.Bf4
c5 8.dxc5 Nxc5 9.Qe2 Bd7 10.O-O e5 11.Bg5 Qc7 12.Rfe1 a6 13.a3
Rac8 14.Ba2 Na4 15.Nxa4 Bxa4 16.c3 Bb5 17.Qd2 Bc4 18.Bh6 Bxa2
19.Bxg7 Kxg7 20.Rxa2 Rfd8 21.Raa1 Qc4 22.Qe2 Qxe2 23.Rxe2 Nd7
24.Rc1 Nc5 25.b4 Ne6 26.Rd2 Rc4 27.Re2 Nf4 28.Re3 f6 29.Kh2 d5
30.exd5 Rxd5 31.g3 Ne6 32.Re2 Rd3 33.Re3 Rxe3 34.fxe3 Nc7 35.Kg2
Nd5 36.Kf2 Rxc3 37.Rxc3 Nxc3 38.g4 Nb5 39.a4 Nc3 40.a5 Nd5 41.Nd2
Nxb4 42.Nb3 Nc6 43.Ke2 Kh6 44.h4 f5 45.gxf5 gxf5 46.Kf3 Kh5 47.Kg3 0-1

[Event "President's Cup"]
[Site "Seattle, WA"]
[Date "2015.02.15"]
[Round "5"]
[White "Hasuike Mike  (OR)"]
[Black "Venkatesan Mridula  (WA)"]
[Result "1-0"]
[WhiteElo "1554"]
[BlackElo "769"]
[Annotator ""]
[Source ""]
[Remark "Reserve"]

1.d4 d5 2.e3 Nf6 3.Bd3 Nc6 4.f4 e6 5.c3 Bd6 6.Nd2 b6 7.Qf3 Bb7
8.Nh3 Nd7 9.O-O f5 10.Qh5+ g6 11.Qe2 Nf6 12.Ng5 Be7 13.Nxe6 Qd7
14.Ng5 h6 15.Ngf3 Ne4 16.Ne5 Nxe5 17.fxe5 Qc8 18.Nxe4 dxe4 19.Bc4
c6 20.a4 Rf8 21.Bd2 a6 22.g4 fxg4 23.Rxf8+ Bxf8 24.Rf1 c5 25.Bf7+
Kd8 26.Bxg6 Kc7 27.Rf7+ Kb8 28.Qf1 Ka7 29.Bxe4 Rb8 30.Qf6 Ka8
31.Bxb7+ Qxb7 32.Rxb7 Kxb7 33.d5 a5 34.Qc6+ Ka6 35.d6 Rd8 36.c4
h5 37.Bxa5 Rb8 38.Bc3 Ka7 39.e6 Bh6 40.Bd2 Bg5 41.e7 Bh4 42.e8Q
Rxe8 43.Qxe8 g3 44.hxg3 Bxg3 45.d7 Bh4 46.d8Q Bxd8 47.Qxd8 h4
48.a5 bxa5 49.Bxa5 h3 50.Qc7+ Ka8 51.Qh7 Kb8 52.Bb6 Kc8 53.Qc7# 1-0

[Event "President's Cup"]
[Site "Seattle, WA"]
[Date "2015.02.15"]
[Round "5"]
[White "Ahluwalia Anshul  (WA)"]
[Black "Deng Samuel  (WA)"]
[Result "1-0"]
[WhiteElo "1517"]
[BlackElo "1251"]
[Annotator ""]
[Source ""]
[Remark "Reserve"]

1.d4 Nf6 2.c4 e6 3.Nf3 b6 4.g3 Bb7 5.Bg2 c5 6.O-O Be7 7.Nc3 cxd4
8.Nxd4 Bxg2 9.Kxg2 d5 10.Qa4+ Qd7 11.Qxd7+ Kxd7 12.cxd5 exd5
13.Nf5 g6 14.Nxe7 Kxe7 15.Bg5 Rd8 16.e4 h6 17.Nxd5+ Rxd5 18.Bxf6+
Kxf6 19.exd5 Na6 20.Rad1 Ke7 21.d6+ Kd7 22.Rfe1 Nc5 23.Re7+ Kd8
24.Rxf7 Nd7 25.Rg7 Ke8 26.Re1+ Kf8 27.Rxd7 Rc8 28.Rde7 Rd8 29.d7
Rxd7 30.Rxd7 a5 31.Ra7 g5 32.Rc1 1-0

[Event "President's Cup"]
[Site "Seattle, WA"]
[Date "2015.02.15"]
[Round "5"]
[White "Chamberlain Andrew  (WA)"]
[Black "Jiang Brandon  (WA)"]
[Result "1-0"]
[WhiteElo "1561"]
[BlackElo "779"]
[Annotator ""]
[Source ""]
[Remark "Reserve"]

1.d4 d5 2.c4 c6 3.Nc3 Nf6 4.Nf3 e6 5.Bg5 Be7 6.e3 Bd7 7.Bd3 Na6
8.a3 dxc4 9.Bxc4 b5 10.Bb3 b4 11.axb4 Nxb4 12.e4 c5 13.dxc5 Bxc5
14.e5 h6 15.exf6 hxg5 16.fxg7 Rg8 17.O-O Rxg7 18.Ne4 g4 19.Ne5
Bb6 20.Nxd7 Qxd7 21.Nf6+ Kf8 22.Nxd7+ Ke7 23.Nxb6 Rd8 24.Rxa7+
Ke8 25.Ba4+ Nc6 26.Bxc6+ Rd7 27.Qxd7+ Kf8 28.Qd8# 1-0

[Event "President's Cup"]
[Site "Seattle, WA"]
[Date "2015.02.15"]
[Round "5"]
[White "Kam Ethan  (WA)"]
[Black "Menkov Artjom  (WA)"]
[Result "1/2-1/2"]
[WhiteElo "1206"]
[BlackElo "1499"]
[Annotator ""]
[Source ""]
[Remark "Reserve"]

1.e4 c5 2.Nf3 Nc6 3.d4 cxd4 4.Nxd4 Nf6 5.Nc3 e5 6.Ndb5 d6 7.Bg5
a6 8.Na3 b5 9.Nd5 Be7 10.Bxf6 Bxf6 11.Nxf6+ Qxf6 12.Nxb5 axb5
13.Bxb5 Bd7 14.Qd5 Rc8 15.O-O O-O 16.Rad1 Nb4 17.Qb7 Bxb5 18.Qxb5
Nxc2 19.Rc1 Nd4 20.Qa6 Rxc1 21.Rxc1 Qf4 22.Rc8 Qg4 23.Rxf8+ Kxf8
24.Qxd6+ Ke8 25.Qxe5+ Ne6 26.f3 Qh4 27.g3 Qd8 28.f4 Qd1+ 29.Kg2
Qe2+ 30.Kh3 Qf1+ 31.Kh4 Qg2 32.h3 Qd2 33.a3 Qd8+ 34.Kg4 Qd1+
35.Kh4 Qd8+ 36.Kg4 Qd1+ 37.Kh4 Qd8+ 38.Kg4 Qd1+ 1/2-1/2

[Event "President's Cup"]
[Site "Seattle, WA"]
[Date "2015.02.15"]
[Round "5"]
[White "Puri Raghav  (WA)"]
[Black "Anthony Ralph  (WA)"]
[Result "0-1"]
[WhiteElo "789"]
[BlackElo "1612"]
[Annotator ""]
[Source ""]
[Remark "Reserve"]

1.e4 d6 2.Nf3 Nf6 3.Nc3 g6 4.Bc4 Bg7 5.e5 dxe5 6.Nxe5 O-O 7.d3
c6 8.O-O b5 9.Bb3 a5 10.a3 Qd6 11.Re1 Nbd7 12.Bf4 Nh5 13.Nxd7
Qxd7 14.Be5 Nf6 15.Re2 Bb7 16.a4 b4 17.Ne4 Nxe4 18.Rxe4 c5 19.Bxg7
Kxg7 20.Re3 Ra6 21.Qe2 e6 22.Bc4 Qc6 23.f3 Rb6 24.Bb5 Qd6 25.c3
Bd5 26.c4 Bc6 27.Re1 Rd8 28.b3 Qd4 29.Kh1 Bb7 30.f4 Qxf4 31.Rf1
Qd4 32.Qf2 f6 33.Qg3 e5 34.Re2 Qxd3 35.Qxd3 Rxd3 36.Ref2 Rbd6
37.h3 Rxh3+ 38.Kg1 Rxb3 39.Re1 Rbd3 40.Kh2 Rd2 41.Ree2 Rxe2 42.Rxe2
Rd3 43.g3 Rd1 44.Kh3 Rh1+ 45.Kg4 f5+ 46.Kg5 h6# 0-1

[Event "President's Cup"]
[Site "Seattle, WA"]
[Date "2015.02.15"]
[Round "4"]
[White "Anthony Ralph  (WA)"]
[Black "Xu Dylan  (WA)"]
[Result "0-1"]
[WhiteElo "1612"]
[BlackElo "1111"]
[Annotator ""]
[Source ""]
[Remark "Reserve"]

1.e4 e6 2.d3 d5 3.Nd2 c5 4.Ngf3 Nc6 5.g3 Nf6 6.Bg2 Be7 7.O-O
O-O 8.Re1 Nd7 9.Nf1 Nb6 10.Bf4 Bd6 11.e5 Be7 12.h4 f6 13.c3 fxe5
14.Nxe5 Nxe5 15.Bxe5 Nd7 16.Bxg7 Kxg7 17.Qg4+ Kh8 18.Qxe6 Re8
19.Re2 Nf6 20.Qf7 Bd6 21.Rxe8+ Nxe8 22.Bxd5 Nc7 23.Re1 Bg4 24.Be4
Qd7 25.Qf6+ Kg8 26.Qg5+ Qg7 27.Bd5+ Kh8 28.Qxg7+ Kxg7 29.Bg2
Rb8 30.Nh2 Bf5 31.c4 b6 32.g4 Bd7 33.f4 Re8 34.Rxe8 Nxe8 35.f5
Be5 36.b3 Kf6 37.Nf3 h6 38.g5+ hxg5 39.hxg5+ Kxf5 40.Bh3+ Kf4
41.Bxd7 Kxf3 42.Bxe8 Ke3 43.Bb5 Kxd3 44.Kg2 Ke4 45.g6 Kf5 46.Be8
a6 47.Kf3 Bc3 48.a3 a5 49.Ke3 Bd4+ 50.Kd3 Kg5 51.Ke4 Kf6 52.Kd5
Bb2 53.b4 Bxa3 54.b5 a4 55.g7 Kxg7 56.Bh5 Bb4 57.Bd1 a3 58.Bb3
Kf6 59.Kc6 Ba5 60.Kd5 {Remainder of the game is missing.} 0-1

[Event "President's Cup"]
[Site "Seattle, WA"]
[Date "2015.02.14"]
[Round "1"]
[White "Bashkansky Naomi (WA)"]
[Black "Singh Balbir  (WA)"]
[Result "1-0"]
[WhiteElo "1776"]
[BlackElo "1039"]
[Annotator ""]
[Source ""]
[Remark "Open"]

1.d4 g6 2.c4 Nf6 3.Nc3 Bg7 4.e4 d6 5.f3 O-O 6.Be3 e5 7.d5 a6
8.Qd2 Nfd7 9.O-O-O f5 10.Bh6 Nf6 11.Be2 f4 12.Bxg7 Kxg7 13.g4
g5 14.Qe1 c5 15.h4 h6 16.Bd3 Nbd7 17.Nge2 Nb6 18.Qf2 Bxg4 19.fxg4
Nxg4 20.Qf3 Ne3 21.Rdg1 g4 22.Rxg4+ Nxg4 23.Qxg4+ Kh7 24.Rg1
Qf6 25.Rf1 Rg8 26.Qh3 h5 27.Nxf4 exf4 28.e5+ Kh6 29.exf6 1-0

[Event "President's Cup"]
[Site "Seattle, WA"]
[Date "2015.02.15"]
[Round "3"]
[White "Phillips Daniel  (WA)"]
[Black "Tafalla Gabriel  (WA)"]
[Result "0-1"]
[WhiteElo "1885"]
[BlackElo "1892"]
[Annotator ""]
[Source ""]
[Remark "Open"]

1.d4 d5 2.c4 e6 3.Nc3 Nf6 4.cxd5 exd5 5.Bg5 Be7 6.e3 O-O 7.Bd3
Nbd7 8.Nf3 b6 9.O-O Bb7 10.h3 c5 11.Bf4 Ne4 12.Qc2 f5 13.Rfd1
Rc8 14.Rac1 Qe8 15.Bh2 Qh5 16.Be2 Qg6 17.dxc5 Rxc5 18.Qb3 Kh8
19.Nxd5 Bxd5 20.Qxd5 Rxd5 21.Rxd5 Ndc5 22.b4 Na4 23.Ne5 Qh6 24.Rd7
Qh4 25.g3 Qf6 26.Nc6 Qb2 27.Re1 Bxb4 0-1

[Event "President's Cup"]
[Site "Seattle, WA"]
[Date "2015.02.15"]
[Round "4"]
[White "Bonrud Neal  (WA)"]
[Black "Zhang Eric  (WA)"]
[Result "0-1"]
[WhiteElo "1767"]
[BlackElo "1863"]
[Annotator ""]
[Source ""]
[Remark "Open"]

1.e4 c5 2.Nc3 Nc6 3.f4 g6 4.Nf3 Bg7 5.Bb5 d6 6.Bxc6+ bxc6 7.O-O
Nf6 8.d3 O-O 9.Qe1 Ba6 10.Qh4 Rb8 11.f5 c4 12.Bh6 cxd3 13.Bxg7
Kxg7 14.Ng5 h6 15.Nh3 Qb6+ 16.Kh1 dxc2 17.Rf3 Qxb2 18.Rg1 c1Q
19.Nf4 Qxg1+ 20.Kxg1 Qc1+ 21.Kf2 Rb2+ 22.Nce2 Nxe4# 0-1

[Event "President's Cup"]
[Site "Seattle, WA"]
[Date "2015.02.14"]
[Round "1"]
[White "Zhang Eric  (WA)"]
[Black "Hamlett James  (WA)"]
[Result "0-1"]
[WhiteElo "1863"]
[BlackElo "1657"]
[Annotator ""]
[Source ""]
[Remark "Open"]

1.d4 b6 2.c4 Bb7 3.Nc3 e6 4.Nf3 Bb4 5.Bg5 Nf6 6.e3 d5 7.cxd5
Bxc3+ 8.bxc3 Qxd5 9.Be2 Ne4 10.Bf4 Nxc3 11.Qd2 Nxe2 12.Qxe2 Qa5+
13.Qd2 Qxd2+ 14.Kxd2 Bxf3 15.gxf3 Na6 16.Rac1 Kd7 17.Rc3 Rhc8
18.Rg1 g6 19.Rgc1 c5 20.Be5 cxd4 21.Bxd4 Rxc3 22.Rxc3 Nb4 23.a3
Nc6 24.Bf6 Rc8 25.f4 Ne7 26.Rd3+ Ke8 27.e4 Rd8 28.Rxd8+ Kxd8
29.Kc3 Kd7 30.Kc4 Nc6 31.Bc3 f5 32.f3 a6 33.a4 Nd8 34.Bd4 Kc6
35.Bf6 Nb7 36.Be7 b5+ 37.axb5+ axb5+ 38.Kb4 Kb6 39.h4 Kc6 40.Bf8
Nd8 41.Be7 Nf7 42.Bc5 fxe4 43.fxe4 e5 44.Be3 exf4 45.Bxf4 Nd6
46.e5 Nf5 47.e6 Nxh4 48.e7 Kd7 49.Kxb5 Nf5 50.Kc5 Nxe7 51.Kd4
Ke6 52.Ke4 Nf5 53.Kf3 Kf6 54.Kg4 h5+ 55.Kh3 g5 56.Bd2 g4+ 57.Kh2
Ke5 58.Ba5 Ke4 59.Kg1 Kf3 60.Bc7 h4 61.Bb8 Ng3 62.Kh2 Ne2 63.Kh1
g3 64.Bxg3 Nxg3+ 65.Kh2 Kg4 66.Kg2 h3+ 67.Kh2 Nf1+ 68.Kg1 Kf3
69.Kh1 Nd2 70.Kh2 Kg4 71.Kg1 Kg3 72.Kh1 Ne4 73.Kg1 Nf2 74.Kf1
h2 75.Ke2 0-1

[Event "President's Cup"]
[Site "Seattle, WA"]
[Date "2015.02.15"]
[Round "4"]
[White "Puri Ishaan  (WA)"]
[Black "Phillips Daniel  (WA)"]
[Result "0-1"]
[WhiteElo "1775"]
[BlackElo "1885"]
[Annotator ""]
[Source ""]
[Remark "Open"]

1.e4 e6 2.d4 d5 3.exd5 exd5 4.Nf3 Nc6 5.c3 Bd6 6.Bd3 Nge7 7.h3
Bf5 8.O-O Qd7 9.Na3 f6 10.Nb5 O-O-O 11.Nxd6+ Qxd6 12.Re1 Rde8
13.Bd2 Bxd3 14.a4 Bg6 15.b4 Bh5 16.g4 Bf7 17.Qb3 h5 18.a5 hxg4
19.hxg4 Rh3 20.Kg2 Reh8 21.Rh1 Rxh1 22.Rxh1 Rxh1 23.Kxh1 Qe6
24.Nh2 Bg6 25.Qa4 Qe2 26.Be3 Be4+ 27.f3 Bxf3+ 28.Nxf3 Qxf3+ 29.Kh2
Qxe3 30.b5 Nd8 31.b6 cxb6 32.axb6 axb6 33.Qb5 Qe6 34.Qb4 Ndc6
35.Qxb6 Qxg4 36.Qb5 Qf4+ 37.Kg2 Qd2+ 38.Kf3 Qxd4 39.Qxc6+ Nxc6
40.cxd4 Nxd4+ 41.Ke3 Nf5+ 42.Kf4 Nh6 {
 There appeared to be a missing move pair somewhere in here.  The notation had
black moving 41....Nd6, which is not possible.  The only move for the knight
after this is the final move, delivering mate on g4.  Somehow, the kniht had to
get from d4 to g4, and the moves I have here seem to be a possibility.  The
missing pair might have occurred somewhere else, but only the principals know for sure.}
43.Kf3 Kd7 44.Ke3 Kd6 45.Kd3 g5 46.Ke3 f5 47.Kf3 b5 48.Ke3 b4
49.Kd3 g4 50.Ke3 b3 51.Kd3 g3 52.Ke3 b2 53.Kf3 b1Q 54.Kxg3 Ke5
55.Kf3 Qd3+ 56.Kf2 Kf4 57.Kg2 Qe2+ 58.Kh1 Qf1+ 59.Kh2 Ng4# 0-1

[Event "President's Cup"]
[Site "Seattle, WA"]
[Date "2015.02.14"]
[Round "2"]
[White "Bender Cole  (WA)"]
[Black "Szeto Sophie  (WA)"]
[Result "0-1"]
[WhiteElo "842"]
[BlackElo "690"]
[Annotator ""]
[Source ""]
[Remark "Reserve"]

1.f4 d5 2.g3 Nf6 3.Bg2 Bf5 4.Nf3 e6 5.O-O Bc5+ 6.Kh1 Ng4 7.Qe1
O-O 8.d4 Bb6 9.Nc3 Nc6 10.e3 Qf6 11.h3 Nh6 12.g4 Bxc2 13.g5 Qg6
14.gxh6 Qxh6 15.e4 Bd3 16.Rg1 Nxd4 17.Nxd4 Bxd4 18.Be3 Bxc3 19.Qxc3
Bxe4 20.Bxe4 Qxh3# 0-1

[Event "President's Cup"]
[Site "Seattle, WA"]
[Date "2015.02.15"]
[Round "4"]
[White "Bashkansky Naomi (WA)"]
[Black "Yang Richard  (WA)"]
[Result "1-0"]
[WhiteElo "1776"]
[BlackElo "1571"]
[Annotator ""]
[Source ""]
[Remark "Open"]

1.d4 d5 2.c4 e6 3.Nc3 c5 4.e3 Nf6 5.Nf3 Nc6 6.a3 b6 7.cxd5 exd5
8.Bb5 Bb7 9.Qa4 Qc7 10.Ne5 Rc8 11.f4 cxd4 12.exd4 a5 13.g4 Bd6
14.g5 Bxe5 15.dxe5 Nd7 16.Nxd5 Qd8 17.O-O Nc5 18.Qc4 O-O 19.Rd1
Kh8 20.Qc2 Nd4 21.Rxd4 Ne6 22.Qd2 Nxd4 23.Qxd4 Qxd5 24.Qxd5 Bxd5
25.Bd3 Bc4 26.Be4 b5 27.Bd2 a4 28.Ba5 f5 29.Bb7 Rb8 30.Bc6 Be6
31.Rd1 Kg8 32.Rd6 Kf7 33.Kf2 g6 34.h4 Rh8 35.Ke3 h6 36.gxh6 Rxh6
37.Bd8 Rh8 38.Bf6 Rb6 39.Bxh8 b4 40.Be8+ Kxe8 41.Rxb6 bxa3 42.Rxe6+
Kf7 43.Rf6+ Kg8 44.bxa3 Kxh8 45.Rxg6 Kh7 46.h5 Kh8 47.e6 Kh7
48.e7 Kh8 49.e8Q+ Kh7 50.Qg8# 1-0

[Event "President's Cup"]
[Site "Seattle, WA"]
[Date "2015.02.14"]
[Round "2"]
[White "Singh Balbir  (WA)"]
[Black "Puri Ishaan  (WA)"]
[Result "0-1"]
[WhiteElo "1039"]
[BlackElo "1775"]
[Annotator ""]
[Source ""]
[Remark "Open"]

1.c4 Nf6 2.Nf3 g6 3.d3 Bg7 4.g3 O-O 5.Bg2 c6 6.O-O e6 7.Nc3 d5
8.cxd5 exd5 9.d4 Re8 10.e3 Nbd7 11.Re1 Ne4 12.Nxe4 dxe4 13.Nd2
f5 14.Nc4 Qe7 15.Qb3 Kh8 16.Bd2 Nf6 17.Bb4 Qf7 18.Nd6 Qxb3 19.axb3
Rf8 20.Bf1 Nd5 21.Ba3 Rb8 22.Nxc8 Rfxc8 23.Bd6 Ra8 24.Bc5 b6
25.Bd6 Rd8 26.Ba3 a5 27.Bc4 b5 28.Bxd5 cxd5 29.Bc5 Ra6 30.Rec1
Raa8 31.b4 a4 32.Bb6 Rdc8 33.Rxc8+ Rxc8 34.Bc5 Kg8 35.Kg2 Bf8
36.f4 exf3+ 37.Kxf3 Bxc5 38.bxc5 Kf7 39.Kf4 Kf6 40.Ra3 g5+ 41.Kf3
Ke6 42.b3 Ra8 43.b4 Kd7 44.g4 h5 45.h3 Rf8 46.gxf5 Rxf5+ 47.Kg2
h4 48.Ra2 Kc6 49.Ra3 Rf6 50.Ra2 Kd7 51.Ra3 Ke7 52.Rc3 Rc6 53.Kf3
Kf6 54.Kg4 Kg6 55.Ra3 {  Scoresheet shows White resigned here, but all is even.  Perhaps something happened after recording stopped.}
 0-1

[Event "President's Cup"]
[Site "Seattle, WA"]
[Date "2015.02.14"]
[Round "2"]
[White "Petrov Oscar  (WA)"]
[Black "Zhang Eric  (WA)"]
[Result "0-1"]
[WhiteElo "1450"]
[BlackElo "1863"]
[Annotator ""]
[Source ""]
[Remark "Open"]

1.e4 c5 2.Nc3 Nc6 3.f4 d6 4.Nf3 g6 5.Bb5 Bg7 6.d3 Nf6 7.h3 O-O
8.O-O a6 9.Bxc6 bxc6 10.Qe1 Bd7 11.Qh4 Rb8 12.Ne2 Qb6 13.Kh1
Rfe8 14.Ng3 a5 15.f5 Rf8 16.Bh6 Qxb2 17.Ng5 Qe5 18.Bxg7 Kxg7
19.fxg6 fxg6 20.Rxf6 Qxa1+ 21.Kh2 Kxf6 22.e5+ Kxe5 23.Nxh7 Rf4
24.Qxe7+ Kd5 25.c4+ Rxc4 26.dxc4+ Kxc4 27.Qxd7 Qd4 28.Qf7+ d5
29.Qxg6 Rb2 30.Qxc6 Qf2 31.Qa4+ Kc3 32.Ne4+ dxe4 33.Qxe4 Rxa2
34.Ng5 a4 35.Qg4 Qxg2+ 36.Qxg2 Rxg2+ 37.Kxg2 a3 38.Ne4+ Kb4 39.h4
a2 40.h5 a1Q 41.Kg3 c4 42.h6 Qh1 43.Kg4 0-1

[Event "President's Cup"]
[Site "Seattle, WA"]
[Date "2015.02.14"]
[Round "2"]
[White "Bonrud Neal  (WA)"]
[Black "Sherrard Jerry  (OR)"]
[Result "1/2-1/2"]
[WhiteElo "1767"]
[BlackElo "2051"]
[Annotator ""]
[Source ""]
[Remark "Open"]

1.e4 c5 2.Nc3 d6 3.f4 Nc6 4.Nf3 g6 5.Bb5 Bd7 6.O-O Bg7 7.Bc4
e6 8.a3 a6 9.d3 Nge7 10.Ba2 O-O 11.Qe1 Nd4 12.Nxd4 cxd4 13.Ne2
Rc8 14.c3 dxc3 15.bxc3 Qa5 16.Bd2 b5 17.Kh1 Qc7 18.Qh4 Bc6 19.Nd4
d5 20.Nxc6 Nxc6 21.exd5 exd5 22.Bxd5 Ne7 23.Be4 f5 24.Bf3 Bf6
25.Qe1 Qd6 26.d4 Rfe8 27.Qd1 Kg7 28.Re1 Nd5 29.Rxe8 Rxe8 30.g3
Nb6 31.Qc2 Qc7 32.Qd3 Qc4 33.Qb1 Na4 34.Qf1 Qb3 35.Qd1 Qc4 36.Qf1
Nxc3 37.Qxc4 bxc4 38.Rc1 Nb5 39.Rxc4 Nxd4 40.Rc7+ Re7 41.Rxe7+
Bxe7 42.Bc3 Bf6 43.Bxd4 Bxd4 44.Bb7 a5 45.a4 Kf6 46.Kg2 h6 47.Bd5
g5 1/2-1/2

[Event "President's Cup"]
[Site "Seattle, WA"]
[Date "2015.02.14"]
[Round "2"]
[White "Hamlett James  (WA)"]
[Black "Phillips Daniel  (WA)"]
[Result "0-1"]
[WhiteElo "1657"]
[BlackElo "1885"]
[Annotator ""]
[Source ""]
[Remark "Open"]

1.b3 e5 2.e3 Nc6 3.Bb2 Nf6 4.Bb5 Bd6 5.Bxc6 dxc6 6.Nc3 O-O 7.d4
Bg4 8.f3 exd4 9.exd4 Re8+ 10.Nge2 Bf5 11.Qd2 a5 12.O-O-O a4 13.bxa4
Qe7 14.g4 Be6 15.Kb1 Bc4 16.Rde1 Bb4 17.Nc1 Qd6 18.Rxe8+ Rxe8
19.Re1 Ra8 20.Qe3 Qxh2 21.g5 Nd5 22.Nxd5 Bxe1 23.Ne7+ Kh8 24.Qxe1
Be6 25.Qc3 Bd5 26.Nxd5 cxd5 27.Qe3 h5 28.gxh6 gxh6 29.Qe5+ Qxe5
30.dxe5 Kh7 31.Ne2 Rxa4 32.Bd4 Kg6 33.c3 c6 34.Kb2 Kf5 35.Kb3
Rc4 36.Be3 h5 37.Ng3+ Kg6 38.f4 h4 39.f5+ Kh7 40.Nh5 h3 41.Bg1
Kh6 42.Ng3 Rg4 43.Bh2 b5 44.e6 fxe6 45.fxe6 Kg6 46.e7 Kf7 47.Nf5
Rg2 48.Bd6 h2 49.Bxh2 Rxh2 50.Nd4 Rh6 51.Kb4 Ke8 52.Kc5 Rh3 53.Kxc6
Rxc3+ 54.Kxb5 Kxe7 55.Nb3 Kd6 56.Kb4 Rc4+ 57.Kb5 Rc8 58.Kb4 Rb8+
59.Ka3 Ra8+ 60.Kb2 Ke5 61.a3 Ke4 62.a4 Ke3 63.a5 d4 64.Kc2 d3+
65.Kd1 Rb8 66.Nd2 Rb4 67.Nf1+ Kd4 68.Nd2 Ra4 69.Kc1 Ke3 70.Nb3
Ke2 0-1